THE LIGHTHOUSE KEEPER'S MYSTERY (Record no. 4771)
[ view plain ]
| 000 -LEADER | |
|---|---|
| fixed length control field | 00370nam a22001217a 4500 |
| 008 - FIXED-LENGTH DATA ELEMENTS--GENERAL INFORMATION | |
| fixed length control field | 250320b ||||| |||| 00| 0 eng d |
| 020 ## - INTERNATIONAL STANDARD BOOK NUMBER | |
| International Standard Book Number | 9781407193854 |
| 082 ## - DEWEY DECIMAL CLASSIFICATION NUMBER | |
| Classification number | 823.92 ARM |
| 100 ## - MAIN ENTRY--PERSONAL NAME | |
| Personal name | RONDA ARMITAGE |
| Relator term | AUTHOR |
| 245 ## - TITLE STATEMENT | |
| Title | THE LIGHTHOUSE KEEPER'S MYSTERY |
| 260 ## - PUBLICATION, DISTRIBUTION, ETC. | |
| Place of publication, distribution, etc. | EUSTON HOUSE,24 EVERSHOLT STREET,LONDON NW 1 1DB |
| Name of publisher, distributor, etc. | SCHOLASTIC CHILDREN'S BOOKS |
| Date of publication, distribution, etc. | 2020 |
| 942 ## - ADDED ENTRY ELEMENTS (KOHA) | |
| Source of classification or shelving scheme | |
| Withdrawn status | Lost status | Source of classification or shelving scheme | Damaged status | Not for loan | Collection code | Permanent Location | Current Location | Shelving location | Date acquired | Total Checkouts | Full call number | Barcode | Date last seen | Date last checked out | Price effective from | Koha item type | Public note |
|---|---|---|---|---|---|---|---|---|---|---|---|---|---|---|---|---|---|
| Fiction | KH8 Primary School Library | KH8 Primary School Library | Fiction | 2025-03-20 | 7 | E FIC ARM | KHPL000006605 | 2026-02-13 | 2026-01-30 | 2025-03-20 | Books - Fiction | KH8 PRIMARY LIBRARY | |||||
| Fiction | KH8 Primary School Library | KH8 Primary School Library | Fiction | 2025-10-02 | 1 | 823.92 ARM | KHPL000007256 | 2026-04-16 | 2026-04-09 | 2025-10-02 | Books - Fiction | PRIMARY LIBRARY |